000 01502nam a22001337a 4500
999 _c529752
_d529752
008 250507b ||||| |||| 00| 0 eng d
100 _a Brands, Hal
_952817
245 _aThe renegade order: How Trump wields American power
260 _aForeign Affairs
300 _a104(2), Mar-Apr, 2025: p.22-35
520 _aDonald Trump has already transformed the American political order. Not since Ronald Reagan has a president so dominated the national landscape or shifted its ideological terrain. In his second term, Trump could reshape global order in ways no less profound. Today’s reigning, U.S.-led international system—call it Pax Americana, the liberal order, or the rules-based international order—arose from a brutal Eurasian century. The great global struggles of the modern era were contests to rule the Eurasian supercontinent. They inflicted horrific damage on humanity. They also created the most successful international order the world has ever known. That system has provided generations of great-power peace, prosperity, and democratic supremacy. It has bestowed pervasive, world-changing benefits that are now taken for granted. After the West’s victory in the Cold War, Washington sought to make that order global and permanent. Now, however, a fourth battle for Eurasia is raging, and the system is being menaced on every front.-Reproduced https://www.foreignaffairs.com/united-states/renegade-order-trump-hal-brands
773 _aForeign Affairs
942 _cAR